Entry Topical Term
Number of records used in: 1
001 - CONTROL NUMBER
003 - CONTROL NUMBER IDENTIFIER
005 - DATE AND TIME OF LATEST TRANSACTION
- control field:
20260407164947.0
008 - FIXED-LENGTH DATA ELEMENTS
- fixed length control field:
260407|| aca||aabn | a|a d
040 ## - CATALOGING SOURCE
- Original cataloging agency:
JRU
- Transcribing agency:
JRU
150 ## - HEADING--TOPICAL TERM
- Topical term or geographic name as entry element:
english poetry
670 ## - SOURCE DATA FOUND
- Source citation:
Work cat.: (JRU)2492: Percy Bysshe Shelley 8930, Selected Poetry, 1956